|
|
|
|
| LEADER |
00871nam a22002177a 4500 |
| 001 |
41312 |
| 003 |
BD-DhAAL |
| 008 |
230724t1973 enk||||| |||| 00| 0 eng d |
| 040 |
|
|
|a BD-DhAAL
|c BD-DhAAL
|
| 082 |
|
|
|a 330.94
|2 23
|
| 245 |
|
|
|a The Fontana economic history of Europe :
|b the emergence of industrial societies,
|n part one /
|c edited by Carlo M. Cipolla.
|
| 260 |
|
|
|a London :
|b Collins/Fontana Books,
|c 1973.
|
| 300 |
|
|
|a 368 pages ;
|c 18 cm.
|
| 541 |
|
|
|a Donated By Akbar Ali Khan
|e 41312
|
| 650 |
|
|
|a Economics.
|
| 651 |
|
|
|a Europe
|x Economic conditions.
|
| 700 |
|
|
|a Cipolla, Carlo M.
|9 47361
|
| 852 |
|
|
|a Ayesha Abed Library
|c Akbar Ali Khan Collection
|
| 942 |
|
|
|2 ddc
|c BK
|
| 999 |
|
|
|c 46016
|d 46016
|
| 952 |
|
|
|0 0
|1 0
|2 ddc
|4 0
|6 330_940000000000000_FON
|7 1
|9 74114
|a BRACUL
|b BRACUL
|c AAKC
|d 2023-07-24
|e Donated By Akbar Ali Khan
|l 0
|o 330.94 FON
|p 3010041312
|r 2023-07-24
|t 1
|w 2023-07-24
|y BK
|